Code talker : (Record no. 1228)

MARC details
000 -LEADER
fixed length control field 00598cam a22002057a 4500
005 - DATE AND TIME OF LATEST TRANSACTION
control field 20260322212052.0
008 - FIXED-LENGTH DATA ELEMENTS--GENERAL INFORMATION
fixed length control field data
010 ## - LIBRARY OF CONGRESS CONTROL NUMBER
LC control number 2006298485
020 ## - INTERNATIONAL STANDARD BOOK NUMBER
International Standard Book Number 0142405965
020 ## - INTERNATIONAL STANDARD BOOK NUMBER
International Standard Book Number 9780142405963 (pbk.)
040 ## - CATALOGING SOURCE
Original cataloging agency IKG
Transcribing agency IKG
Modifying agency DLC
-- OCLCQ
-- DLC
050 00 - LIBRARY OF CONGRESS CALL NUMBER
Classification number MLCS 2011/42127 (P)
099 ## - LOCAL FREE-TEXT CALL NUMBER (OCLC)
Classification number BRUCHJ
001 - CONTROL NUMBER
control field data
100 1# - MAIN ENTRY--PERSONAL NAME
Personal name Bruchac, Joseph,
Dates associated with a name 1942-
245 10 - TITLE STATEMENT
Title Code talker :
Remainder of title a novel about the Navajo Marines of World War Two /
Statement of responsibility, etc. Joseph Bruchac.
260 ## - PUBLICATION, DISTRIBUTION, ETC.
Place of publication, distribution, etc. New York :
Name of publisher, distributor, etc. Speak,
Date of publication, distribution, etc. 2006, c2005.
300 ## - PHYSICAL DESCRIPTION
Extent 231 p. ;
Dimensions 21 cm.
504 ## - BIBLIOGRAPHY, ETC. NOTE
Bibliography, etc. note Includes bibliographical references (p. 225-227).
Holdings
Withdrawn status Lost status Damaged status Not for loan Home library Current library Shelving location Date acquired Total checkouts Full call number Barcode Date last seen Price effective from Koha item type
        Pleasant Valley Pleasant Valley General stacks 22/03/2026   MLCS 2011/42127 (P) BC0011268 22/03/2026 22/03/2026 Books